SAVILL'S SYSTEM OF CLINICAL MEDICINE (Record no. 34763)

MARC details
000 -LEADER
fixed length control field 00397nam a22001697a 4500
003 - CONTROL NUMBER IDENTIFIER
control field SGT
020 ## - INTERNATIONAL STANDARD BOOK NUMBER
International Standard Book Number 9788123909110
082 ## - DEWEY DECIMAL CLASSIFICATION NUMBER
Classification number 616
Item number S05W
100 ## - MAIN ENTRY--PERSONAL NAME
Personal name WARNER,E.C,ed.
245 ## - TITLE STATEMENT
Title SAVILL'S SYSTEM OF CLINICAL MEDICINE
250 ## - EDITION STATEMENT
Edition statement 14TH
260 ## - PUBLICATION, DISTRIBUTION, ETC. (IMPRINT)
Place of publication, distribution, etc NEW DELHI
Name of publisher, distributor, etc CBS.PUB.
Year of Publication 2005
300 ## - PAGE DESCRIPTION
No. of Pages 1496
650 ## - SUBJECT ADDED ENTRY--TOPICAL TERM
Topical term or geographic name as entry element MEDICINE
653 ## - KEYWORDS--INDEX TERM
Keyword term SAVILL'S, SYSTEM, CLINICAL, MEDICINE
942 ## - ADDED ENTRY ELEMENTS (KOHA)
Source of classification or shelving scheme Dewey Decimal Classification
Koha item type Books
Holdings
Withdrawn status Lost status Source of classification or shelving scheme Damaged status Use restrictions Not for loan Collection code Home library Current library Shelving location Date acquired Vendor Name Cost, normal purchase price SGTU Bill Number Total Checkouts Full call number Accession No. (Barcode) Date last seen Bill Date Koha item type
    Dewey Decimal Classification   Restricted Access   AYURVEDA SGT FA-FP Library SGT FA-FP Library Reference Book 01/05/2026 ABC PVT. LTD. 1495.00 SGTU 22849   616 S05W FA13536 01/05/2026 08/04/2026 Books
    Dewey Decimal Classification       AYURVEDA SGT FA-FP Library SGT FA-FP Library Text Book 01/05/2026 ABC PVT. LTD. 1495.00 SGTU 22849   616 S05W FA13537 01/05/2026 08/04/2026 Books
    Dewey Decimal Classification       AYURVEDA SGT FA-FP Library SGT FA-FP Library Text Book 01/05/2026 ABC PVT. LTD. 1495.00 SGTU 22849   616 S05W FA13538 01/05/2026 08/04/2026 Books